000 01496cam a22002535a 4500
001 L158007
005 20260123103339.0
008 131104s2013 xxk f 000 0 eng d
020 _a9781783210312
035 _a(Sirsi) u158007
041 0 _aeng
110 2 _aRoyal Institution of Chartered Surveyors
_94900
245 0 0 _aStrategic facilities management
_bRICS Professional Guidance, Global
_h[archived]
260 _aCoventry
_bRICS
_c2013
500 _aArchived 1 June 2018
520 _aNo longer current.
520 _aPart 1 provides high level guidance on the strategy, planning, delivery of facilities management (fm) and support services to organisations. Intended as a route map to the processes required to best support an organisation and enhance overall business performance rather than a step by step approach. Part 2, Managing facilities identifies tasks facility managers undertake in delivering services to organisations. Part 3. Appendices includes reference sources including a summary of key terms and abbtreviations used in the fm industry.
520 _aSupersedes 2nd edition of The strategic role of facilities management in business performance, ISBN 9781842196779.
590 _aKA
651 4 _aInternational
690 _aFacilities management
_96240
856 4 0 _uhttps://www.isurv.com/downloads/file/5797/archive_strategic_facilities_management_1st_edition_october_2013%E2%80%93june_2018
_zArchived on isurv (subscription required)
942 _n0
_2ddc
999 _c115073
_d115073